[Event "Corr"]
[Site "?"]
[Date "2002.01.15"]
[Round "?"]
[White "Van Oosterom Joop"]
[Black "Rause Mrs.Olita"]
[Result "1-0"]
[WhiteElo "2714"]
[BlackElo "2708"]
[PlyCount "109"]
[EventDate "2002.??.??"]
[Source "www.chesslib.no"]
[SourceDate "2004.05.04"]

1. e4 e6 2. d4 d5 3. Nd2 c5 4. exd5 Qxd5 5. Ngf3 cxd4 6. Bc4 Qd6 7. O-O Nf6 8. Nb3 Nc6 9. Nbxd4 Nxd4 10. Nxd4 a6 11. Bb3 Bd7 12. Re1 O-O-O 13. Bg5 Qc7 14. Qf3 Bd6 15. h3 Qc5 16. Bxf6 gxf6 17. Qxf6 Rhg8 18. Re4 Bc7 19. Qxf7 Qd6 20. Nf3 Rdf8 21. Qxh7 Rh8 22. Qxd7+ Kxd7 23. Rd4 Rxf3 24. Rxd6+ Bxd6 25. gxf3 Rxh3 26. Re1 Rh6 27. Re4 Bh2+ 28. Kg2 e5 29. Bd5 Bf4 30. Bxb7 Rb6 31. Bd5 Rxb2 32. Bb3 Rb1 33. Ra4 Rd1 34. Rxa6 Rd2 35. Kf1 Rd1+ 36. Ke2 Rd2+ 37. Ke1 Kc7 38. Ra5 Rd6 39. Rd5 Rh6 40. a4 Rh1+ 41. Ke2 Rh2 42. Rd1 Kb6 43. Rg1 Rh6 44. Ra1 Rd6 45. Rd1 Rc6 46. Rd5 Rc3 47. Rd3 Rc6 48. c4 Ka5 49. Kd1 Kb4 50. Kc2 Bg5 51. Rd5 Rc5 52. Kd3 Be7 53. Rd7 Bh4 54. Rb7+ Ka5 55. Ke4 1-0

[Event "Merida"]
[Site "Merida"]
[Date "2000.06.15"]
[Round "3"]
[White "Akopian, Vladimir"]
[Black "Shirov, Alexei"]
[Result "0-1"]
[WhiteElo "2660"]
[BlackElo "2751"]
[PlyCount "162"]
[EventDate "2000.06.13"]
[Source "ChessBase"]
[SourceDate "2000.10.18"]

1. e4 e6 2. d4 d5 3. Nd2 c5 4. exd5 Qxd5 5. Ngf3 cxd4 6. Bc4 Qd6 7. O-O Nf6 8. Nb3 Nc6 9. Nbxd4 Nxd4 10. Qxd4 Qxd4 11. Nxd4 Bc5 12. Nb3 Be7 13. Bf4 Bd7 14. Be2 Nd5 15. Bg3 h5 16. h3 h4 17. Bh2 O-O-O 18. Rfd1 Nb6 19. Na5 Bb4 20. Nc4 Nxc4 21. Bxc4 f6 22. c3 Ba5 23. Kf1 e5 24. f3 Bb6 25. Bg1 Bxg1 26. Kxg1 Ba4 27. b3 Bc6 28. Kf2 Kc7 29. Bd3 Rd6 30. Be4 Bxe4 31. Rxd6 Kxd6 32. fxe4 Rc8 33. Rd1+ Ke6 34. Rd3 b5 35. g3 hxg3+ 36. Rxg3 g5 37. Rf3 b4 38. c4 Rh8 39. Ke3 Rh4 40. Kd3 Rf4 41. Ke3 Kd6 42. Rf2 Ke6 43. Rf3 a6 44. Rf2 Rh4 45. Rf3 Rh7 46. Kd2 a5 47. Kc2 Rh8 48. Kd2 Rh6 49. Ke2 Rh7 50. Kd2 Rh8 51. Kc2 Rh6 52. Kd2 Kd6 53. Rd3+ Kc6 54. Rf3 Kc5 55. Rd3 a4 56. Rd5+ Kc6 57. Rb5 Rxh3 58. Rxb4 axb3 59. axb3 Kc5 60. Rb8 g4 61. Rg8 Rg3 62. Ke2 Kd4 63. Kf2 Rf3+ 64. Kg2 Rf4 65. Rd8+ Kxe4 66. Rd2 Rf3 67. Rb2 Rc3 68. b4 Rxc4 69. b5 Rc7 70. b6 Rb7 71. Kg3 f5 72. Rb4+ Kd5 73. Rb5+ Ke6 74. Kh4 Kf6 75. Rb1 e4 76. Rb5 e3 77. Kg3 Kg5 78. Kg2 e2 79. Kf2 Re7 80. Ke1 g3 81. Rb3 f4 0-1

[Event "Corr"]
[Site "?"]
[Date "2002.01.15"]
[Round "?"]
[White "Hamarat Tunc (AUT)"]
[Black "Anton Volker-Michael (GER"]
[Result "1/2-1/2"]
[WhiteElo "2640"]
[BlackElo "2664"]
[PlyCount "44"]
[EventDate "2002.??.??"]
[Source "www.chesslib.no"]
[SourceDate "2004.05.04"]

1. e4 e6 2. d4 d5 3. Nd2 c5 4. exd5 Qxd5 5. Ngf3 cxd4 6. Bc4 Qd6 7. O-O Nf6 8. Nb3 Nc6 9. Nbxd4 Nxd4 10. Nxd4 a6 11. Re1 Qc7 12. Bb3 Bd7 13. Qf3 Bd6 14. h3 O-O-O 15. Be3 Kb8 16. c4 e5 17. c5 Bxc5 18. Rac1 Qb6 19. Nf5 Bxe3 20. Rxe3 Bxf5 21. Qxf5 e4 22. Qg5 g6 1/2-1/2

[Event "RUS"]
[Site "?"]
[Date "2006.04.29"]
[Round "10"]
[White "Akopian Vladimir"]
[Black "Roiz Michael"]
[Result "1/2-1/2"]
[WhiteElo "2706"]
[BlackElo "2590"]
[PlyCount "36"]
[EventDate "2006.??.??"]
[Source "www.chesslib.no"]
[SourceDate "2004.05.04"]

1. e4 e6 2. d4 d5 3. Nd2 c5 4. exd5 Qxd5 5. Ngf3 cxd4 6. Bc4 Qd6 7. Qe2 Nf6 8. Nb3 Nc6 9. Bg5 a6 10. O-O-O b5 11. Bd3 Be7 12. Nbxd4 Nxd4 13. Nxd4 Qd5 14. f4 Qxa2 15. c3 Bd7 16. Bb1 Qa5 17. Qe5 O-O 18. Nb3 Qa4 1/2-1/2

[Event "i"]
[Site "Moscow i"]
[Date "1971.??.??"]
[Round "?"]
[White "Tal, Mikhail N"]
[Black "Korchnoi, Viktor L"]
[Result "0-1"]
[WhiteElo "2610"]
[BlackElo "2660"]
[PlyCount "42"]
[EventDate "1971.??.??"]
[Source "www.chesslib.no"]
[SourceDate "2004.05.04"]

1. e4 e6 2. d4 d5 3. Nd2 c5 4. Ngf3 Nc6 5. Bb5 cxd4 6. Nxd4 Bd7 7. Nxc6 bxc6 8. Bd3 Qc7 9. Qe2 Ne7 10. Nf3 Ng6 11. e5 Rb8 12. O-O Be7 13. Re1 c5 14. c4 O-O 15. g3 dxc4 16. Be4 Kh8 17. Bg5 Bb5 18. Qe3 Rfd8 19. h4 Bxg5 20. Kf1 Bh6 21. Rad1 Ne7 0-1

[Event "Long Beach ch-USA"]
[Site "?"]
[Date "1993.??.??"]
[Round "?"]
[White "Ivanov, A."]
[Black "Gulko, B."]
[Result "1/2-1/2"]
[WhiteElo "2640"]
[BlackElo "2630"]
[PlyCount "40"]
[EventDate "1993.??.??"]
[Source "www.chesslib.no"]
[SourceDate "2004.05.04"]

1. e4 e6 2. d4 d5 3. Nd2 c5 4. Ngf3 cxd4 5. exd5 Qxd5 6. Bc4 Qd6 7. O-O Nf6 8. Nb3 Nc6 9. Nbxd4 Nxd4 10. Nxd4 a6 11. b3 Qc7 12. Bb2 Bd6 13. Nf3 b5 14. Bd3 Bb7 15. Qe2 Nd5 16. g3 Nc3 17. Bxc3 Qxc3 18. Be4 Bxe4 19. Qxe4 Rc8 20. a4 b4 1/2-1/2

[Event "Groningen"]
[Site "?"]
[Date "1993.??.??"]
[Round "?"]
[White "Adams, M."]
[Black "Gulko, B."]
[Result "1-0"]
[WhiteElo "2630"]
[BlackElo "2635"]
[PlyCount "111"]
[EventDate "1993.??.??"]
[Source "ChessBase"]
[SourceDate "1993.10.01"]

1. e4 e6 2. d4 d5 3. Nd2 c5 4. exd5 Qxd5 5. Ngf3 cxd4 6. Bc4 Qd6 7. O-O Nf6 8. Nb3 Nc6 9. Nbxd4 Nxd4 10. Nxd4 a6 11. c3 Qc7 12. Bb3 Bd6 13. h3 O-O 14. Re1 b5 15. Bg5 Bb7 16. Bc2 Nd5 17. Qh5 g6 18. Qh4 Bh2+ 19. Kh1 Bf4 20. Be4 Rab8 21. Rad1 Bxg5 22. Qxg5 Nb6 23. Bxb7 Qxb7 24. Nf3 Nd5 25. Qh6 Rfd8 26. Rd4 Qe7 27. Rh4 Nf6 28. Ne5 Rd6 29. Ng4 Rbd8 30. Nxf6+ Qxf6 31. Qxh7+ Kf8 32. Qh6+ Kg8 33. Rf4 Qg7 34. Qg5 Rd2 35. Qe7 Qf8 36. Rxe6 fxe6 37. Qxe6+ Kg7 38. Qe5+ Kg8 39. Rxf8+ Rxf8 40. Qg5 Rfxf2 41. Qxg6+ Kh8 42. Qh6+ Kg8 43. Qxa6 Rxb2 44. a3 Kh7 45. Qc6 Rfc2 46. h4 Rc1+ 47. Kh2 Rbc2 48. Qxb5 Rxc3 49. a4 Rc4 50. Qh5+ Kg7 51. Qg5+ Kh7 52. a5 Rc7 53. a6 R1c6 54. Qe3 Rc4 55. Qd3+ Kg7 56. Qg3+ 1-0

[Event "Moscow 5'"]
[Site "Moscow RUS"]
[Date "1972.??.??"]
[Round "?"]
[White "Tal, Mikhail N"]
[Black "Korchnoi, Viktor L"]
[Result "1/2-1/2"]
[WhiteElo "2625"]
[BlackElo "2640"]
[PlyCount "56"]
[EventDate "1972.??.??"]
[Source "www.chesslib.no"]
[SourceDate "2004.05.04"]

1. e4 e6 2. d4 d5 3. Nd2 c5 4. Ngf3 Nc6 5. Bb5 cxd4 6. Nxd4 Bd7 7. Nxc6 bxc6 8. Bd3 Bd6 9. Qe2 Ne7 10. e5 Bc7 11. Nf3 Ng6 12. O-O O-O 13. c4 Qe7 14. Bd2 f6 15. Bxg6 hxg6 16. Rfe1 g5 17. cxd5 cxd5 18. Rac1 Bb6 19. h3 Qf7 20. Be3 Rfc8 21. Rxc8+ Rxc8 22. Bxb6 axb6 23. Qe3 b5 24. Rc1 Qf8 25. Rxc8 Qxc8 26. Qb6 Qc1+ 27. Kh2 Qf4+ 28. Kg1 Qc1+ 1/2-1/2

[Event "Biel (izt)"]
[Site "?"]
[Date "1993.??.??"]
[Round "?"]
[White "Adams, M."]
[Black "Kortchnoi, V."]
[Result "1-0"]
[WhiteElo "2630"]
[BlackElo "2625"]
[PlyCount "127"]
[EventDate "1993.??.??"]
[Source "ChessBase"]
[SourceDate "1993.06.01"]

1. e4 e6 2. d4 d5 3. Nd2 c5 4. Ngf3 c4 5. g3 Nf6 6. e5 Nfd7 7. a4 Nc6 8. Bg2 Be7 9. O-O Nb6 10. Re1 a5 11. b3 cxb3 12. c3 O-O 13. Qxb3 Bd7 14. Rb1 Nc8 15. Ba3 Rb8 16. Bxe7 N8xe7 17. Rb2 Na7 18. Qa3 Bc6 19. Reb1 Qc7 20. Bf1 Rfd8 21. Nb3 b6 22. Nbd2 h6 23. h4 Ng6 24. Bd3 Nf8 25. Nf1 Be8 26. Ne3 Qc6 27. Ra2 Rdc8 28. Rb3 Qc7 29. Qb2 Rd8 30. Ng4 Nc8 31. Qd2 Ne7 32. Nxh6+ gxh6 33. Qxh6 Nf5 34. Qg5+ Kh8 35. g4 f6 36. exf6 Nh7 37. Qd2 Bh5 38. gxh5 Rg8+ 39. Kf1 Rbf8 40. Ne5 Rxf6 41. Ng6+ Rgxg6 42. hxg6 Qh2 43. Bxf5 Rxf5 44. c4 Qh1+ 45. Ke2 Qxh4 46. Rg3 Ng5 47. Qe3 Qh5+ 48. Kf1 Kg7 49. cxd5 Nf3 50. Rxf3 Rxf3 51. Qe5+ Qxe5 52. dxe5 exd5 53. Rb2 Rf5 54. Rxb6 Rxe5 55. Rb5 Kxg6 56. Rxa5 Re4 57. f3 Rb4 58. Ra8 Kf5 59. a5 Rb7 60. Ke2 Kf4 61. a6 Rf7 62. Rb8 Re7+ 63. Kf2 Ke5 64. Rb4 1-0

[Event "YUG-chT"]
[Site "?"]
[Date "1998.??.??"]
[Round "1"]
[White "Georgiev Kiril"]
[Black "Komarov Dimitri"]
[Result "1-0"]
[WhiteElo "2675"]
[BlackElo "2580"]
[PlyCount "79"]
[EventDate "1998.??.??"]
[Source "www.chesslib.no"]
[SourceDate "2004.05.04"]

1. e4 e6 2. d4 d5 3. Nd2 c5 4. exd5 Qxd5 5. Ngf3 cxd4 6. Bc4 Qd6 7. O-O Nf6 8. Nb3 Nc6 9. Nbxd4 Nxd4 10. Nxd4 a6 11. Bb3 Qc7 12. Bg5 Bd6 13. h3 Bd7 14. Re1 O-O-O 15. Qf3 Qc5 16. Be3 Qe5 17. g3 Qe4 18. Rad1 Bc6 19. Qxe4 Bxe4 20. Bg5 Bg6 21. c3 Bc7 22. Kg2 Rd7 23. Ne2 Rxd1 24. Rxd1 Rd8 25. Rxd8+ Bxd8 26. f3 Bb6 27. g4 Nd7 28. Nf4 Bb1 29. Nh5 g6 30. Nf6 Nxf6 31. Bxf6 Be3 32. h4 Bf4 33. a3 Bd3 34. Bg5 Be5 35. Kf2 Kd7 36. Ke3 Bb1 37. Bc4 f5 38. Bd3 Bxd3 39. Kxd3 Kc6 40. b3 1-0

[Event "Jiri Pelikan Memorial A"]
[Site "CAPA email"]
[Date "1997.??.??"]
[Round "?"]
[White "Johnson, Maurice W"]
[Black "Kokkila, Tero"]
[Result "1-0"]
[WhiteElo "2630"]
[BlackElo "2625"]
[PlyCount "75"]
[EventDate "1997.??.??"]
[Source "www.chesslib.no"]
[SourceDate "2004.05.04"]

1. e4 e6 2. d4 d5 3. Nd2 c5 4. Ngf3 cxd4 5. Nxd4 Nf6 6. exd5 Qxd5 7. N2f3 a6 8. Bd3 Bd7 9. c4 Bb4+ 10. Bd2 Qd6 11. O-O Nc6 12. Bxb4 Nxb4 13. Be2 a5 14. b3 O-O 15. a3 Na6 16. Qc1 e5 17. Nc2 Bg4 18. Rd1 Qc7 19. Ne3 e4 20. Nd4 Bxe2 21. Nxe2 Rfd8 22. Qc3 Nc5 23. Ng3 Rd3 24. Rxd3 exd3 25. Ngf5 Qf4 26. Rf1 Re8 27. b4 axb4 28. axb4 Ncd7 29. Qxd3 Ne5 30. Qc3 g6 31. Ng3 h5 32. h3 h4 33. Ne2 Qe4 34. c5 Qd3 35. Qb2 Nc4 36. Nxc4 Qxe2 37. Qd4 Ne4 38. Rc1 1-0

[Event "It (Open) Canada De Calatrava ESP"]
[Site "?"]
[Date "2006.04.16"]
[Round "7"]
[White "Korneev Oleg"]
[Black "Guliyev Namig"]
[Result "1/2-1/2"]
[WhiteElo "2671"]
[BlackElo "2580"]
[PlyCount "141"]
[EventDate "2006.??.??"]
[Source "www.chesslib.no"]
[SourceDate "2004.05.04"]

1. e4 e6 2. d4 d5 3. Nd2 c5 4. exd5 Qxd5 5. Ngf3 cxd4 6. Bc4 Qd6 7. O-O Nf6 8. Nb3 Nc6 9. Nbxd4 Nxd4 10. Nxd4 a6 11. Bb3 Qc7 12. Qf3 Bd6 13. h3 Be5 14. c3 O-O 15. Bg5 h6 16. Be3 Bd7 17. Rad1 Rad8 18. Rfe1 Bc8 19. Qe2 Bf4 20. Bxf4 Qxf4 21. Nf3 Qc7 22. Qe5 Qxe5 23. Nxe5 Nd7 24. Nf3 Rfe8 25. Bc2 Kf8 26. c4 Ke7 27. b4 Nb6 28. Bb3 Rxd1 29. Rxd1 f6 30. c5 Na8 31. Nd4 e5 32. Nc2 Nc7 33. Ne3 Be6 34. Bxe6 Nxe6 35. Nf5+ Kf8 36. Rd7 g6 37. Nd6 Re7 38. Rxb7 Rxb7 39. Nxb7 Ke7 40. c6 Nd4 41. Nc5 Kd6 42. Nxa6 Kxc6 43. a4 Ne2+ 44. Kf1 Nc3 45. Nc5 Nd5 46. Ne4 f5 47. b5+ Kb6 48. Nd6 e4 49. Nc4+ Kc5 50. Ne5 Nc3 51. Nxg6 Nxa4 52. Ne7 f4 53. Ng8 Nc3 54. Nxh6 Nxb5 55. h4 Kd5 56. h5 Ke6 57. Ng4 Nd6 58. h6 Nf7 59. h7 Nh8 60. Ke1 Kf5 61. Nh2 Kg6 62. Ng4 e3 63. fxe3 fxe3 64. Ke2 Kxh7 65. Ne5 Kg7 66. Kxe3 Kf6 67. Kf4 Ke6 68. g4 Kf6 69. g5+ Kg7 70. Nf7 Kxf7 71. Ke4 1/2-1/2

[Event "Mnchen"]
[Site "?"]
[Date "1992.??.??"]
[Round "3"]
[White "Christiansen, Larry M"]
[Black "Jussupow, Artur M"]
[Result "1/2-1/2"]
[WhiteElo "2595"]
[BlackElo "2655"]
[PlyCount "131"]
[EventDate "1992.??.??"]
[Source "www.chesslib.no"]
[SourceDate "2004.05.04"]

1. e4 e6 2. d4 d5 3. Nd2 c5 4. Ngf3 Nc6 5. Bb5 cxd4 6. Nxd4 Bd7 7. Bxc6 bxc6 8. O-O Bd6 9. Qe2 Qb8 10. N4f3 Ne7 11. e5 Bc7 12. b3 Ng6 13. Re1 f6 14. Bb2 O-O 15. c4 Bb6 16. Rac1 Qe8 17. c5 Bc7 18. Nf1 Qf7 19. Qd2 a5 20. Bd4 Rab8 21. Rc3 Rb4 22. Rce3 Rxd4 23. Qxd4 fxe5 24. Rxe5 Nxe5 25. Nxe5 Bxe5 26. Rxe5 Qf4 27. Qb2 Qb4 28. Qc1 Qd4 29. Qe3 Qa1 30. Qe2 Bc8 31. Rg5 Ba6 32. Qxa6 Qf6 33. Qe2 Qxg5 34. Qxe6+ Kh8 35. g3 Qf5 36. Qe3 Rd8 37. Nd2 d4 38. Qe7 Rf8 39. f4 h6 40. Nf3 Qb1+ 41. Kg2 Qc2+ 42. Kh3 Qf5+ 43. Kg2 Qc2+ 44. Kh3 Qf5+ 45. Kg2 d3 46. Kf2 Rf7 47. Qe5 Qd7 48. Qd6 Qxd6 49. cxd6 Rd7 50. Ne5 d2 51. Ke2 d1=Q+ 52. Kxd1 Rxd6+ 53. Ke2 Kg8 54. a4 g5 55. Ke3 Kg7 56. Nc4 Rd5 57. Ne5 gxf4+ 58. Kxf4 Rd4+ 59. Kf5 Rb4 60. Nxc6 Rxb3 61. Nxa5 Rb4 62. Nc6 Rxa4 63. Ne5 Ra5 64. g4 Ra3 65. h4 Rh3 66. h5 1/2-1/2

[Event "URS"]
[Site "Soviet Union"]
[Date "1976.??.??"]
[Round "?"]
[White "Tal, Mikhail N"]
[Black "Petrosian, Tigran V"]
[Result "1-0"]
[WhiteElo "2615"]
[BlackElo "2635"]
[PlyCount "33"]
[EventDate "1976.??.??"]
[Source "www.chesslib.no"]
[SourceDate "2004.05.04"]

1. e4 e6 2. d4 d5 3. Nd2 c5 4. exd5 Qxd5 5. Ngf3 cxd4 6. Bc4 Qd6 7. O-O Nf6 8. Nb3 Nc6 9. Nbxd4 Nxd4 10. Nxd4 Be7 11. Nb5 Qc6 12. Qe2 O-O 13. Bf4 a6 14. Nd4 Qc5 15. Nb3 Qc6 16. Nd4 Qc5 17. h3 1-0

[Event "Vidra Memorial"]
[Site "Pref Vidra Memorial"]
[Date "1995.??.??"]
[Round "?"]
[White "Smirin, Ilia"]
[Black "Dolmatov, Sergey V"]
[Result "1/2-1/2"]
[WhiteElo "2630"]
[BlackElo "2605"]
[PlyCount "39"]
[EventDate "1995.??.??"]
[Source "www.chesslib.no"]
[SourceDate "2004.05.04"]

1. e4 e6 2. d4 d5 3. Nd2 c5 4. Ngf3 Nc6 5. Bb5 cxd4 6. Nxd4 Bd7 7. Nxc6 Bxc6 8. Bxc6+ bxc6 9. c4 Bc5 10. Qc2 Be3 11. Kf1 Qf6 12. b3 Qb2 13. Bxb2 g5 14. Rd1 O-O-O 15. Ke1 e5 16. f4 Ne7 17. Nb1 c5 18. Nc3 Kb8 19. Qc1 Rdg8 20. Rd2 1/2-1/2

[Event "Biel izt"]
[Site "Biel"]
[Date "1993.??.??"]
[Round "?"]
[White "Yudasin, L."]
[Black "Gulko, B."]
[Result "1-0"]
[WhiteElo "2605"]
[BlackElo "2630"]
[PlyCount "49"]
[EventDate "1993.??.??"]
[Source "www.chesslib.no"]
[SourceDate "2004.05.04"]

1. e4 e6 2. d4 d5 3. Nd2 c5 4. Ngf3 cxd4 5. Nxd4 Nc6 6. Bb5 Bd7 7. Nxc6 bxc6 8. Bd3 Qc7 9. Qe2 Bd6 10. Nf3 dxe4 11. Qxe4 Nf6 12. Qh4 Rb8 13. O-O Nd5 14. Re1 Be7 15. Qg4 g6 16. c4 f5 17. Bxf5 Nf6 18. Qf4 Qxf4 19. Bxf4 Rxb2 20. Bxe6 Bc5 21. Bxd7+ Kxd7 22. Ne5+ Kc8 23. Nd3 Rc2 24. Nxc5 Rxc4 25. Be3 1-0

[Event "Philadelphia"]
[Site "?"]
[Date "1994.??.??"]
[Round "?"]
[White "Yudasin, L."]
[Black "Gurevich, M."]
[Result "1/2-1/2"]
[WhiteElo "2625"]
[BlackElo "2610"]
[PlyCount "122"]
[EventDate "1994.??.??"]
[Source "ChessBase"]
[SourceDate "1994.06.01"]

1. e4 e6 2. d4 d5 3. Nd2 a6 4. Ngf3 c5 5. Bd3 Nc6 6. exd5 exd5 7. O-O c4 8. Re1+ Be7 9. Bf1 Nf6 10. c3 Bg4 11. b3 cxb3 12. Qxb3 Qc7 13. Ne5 Na5 14. Qc2 O-O 15. Bd3 Be6 16. Ndf3 Ne4 17. Bxe4 dxe4 18. Qxe4 Rad8 19. Bf4 Qc8 20. h3 Rfe8 21. Qc2 f6 22. Ng4 Bf8 23. Ne3 b5 24. Rad1 Nc4 25. Nd2 Nxe3 26. Bxe3 Bd5 27. a4 Qc6 28. axb5 axb5 29. f3 Rc8 30. Qd3 Bf7 31. Ne4 Bc4 32. Qb1 Bd5 33. Bf2 Ra8 34. Nc5 Bd6 35. Rxe8+ Rxe8 36. Re1 Rxe1+ 37. Qxe1 Kf7 38. Qb1 g6 39. Qe1 Bc7 40. Bg3 Bd8 41. Qe3 Be7 42. Ne4 b4 43. cxb4 Bxb4 44. Kh2 Be7 45. h4 Qe6 46. Qf4 Qc6 47. Nf2 Be6 48. Nh3 Bf5 49. Qh6 Kg8 50. Qe3 Kf7 51. Nf4 Qc4 52. Qd2 Bb4 53. Qb2 Be7 54. Qb6 g5 55. hxg5 fxg5 56. Nh3 Qe6 57. Qb5 Bxh3 58. gxh3 Qa2+ 59. Kh1 Qa1+ 60. Kg2 Qxd4 61. Qf5+ Kg8 1/2-1/2